000 00504cam a2200193ua 4500
020 _a81 259 0018 7
_c95.00
041 _aeng
_h
082 _a630.301
_bAGR/AG
100 _aAgarwal, A N .
245 _aAgricultural problems of India /
_cA N Agarwal.
_hTextual Documents
250 _a1 /
_b.
260 _aNew Delhi :
_bVikas publishing house pvt ltd ,
_c1996.
300 _a335 ; .
365 _a95.00
504 _a
700 1 _aKundanlal, .
942 _cBK
999 _c2835
_d2835